| 000 | 01108nam a22003257a 4500 | ||
|---|---|---|---|
| 003 | CHAP | ||
| 005 | 20220329135510.0 | ||
| 008 | 971013s1980 r 00010 d | ||
| 010 | _a37581 | ||
| 011 | _a38553 | ||
| 035 | _a42673 | ||
| 040 | _cCHAP | ||
| 082 |
_a321.3 _bP3 |
||
| 100 | 0 | 0 |
_aPastor, Reyna. _985980 |
| 245 |
_aResistencias y luchas campesinas en la época del crecimiento y consolidación de la formación feudal Castilla y León _b: siglos X-XIII |
||
| 260 |
_aMéxico : _bSiglo XXI, _c1980 |
||
| 300 | _a290 p. | ||
| 490 | _aHistoria de los movimientos sociales | ||
| 590 |
_aBATCH-UPD _b10 _c20130110 _lUCH01 _h0330 |
||
| 590 |
_aBATCH-UPD _b10 _c20130110 _lUCH01 _h2148 |
||
| 590 |
_aBATCH-UPD _b10 _c20130410 _lUCH01 _h1457 |
||
| 590 |
_aBATCH-UPD _b10 _c20130914 _lUCH01 _h0827 |
||
| 590 |
_aCONVERSION _b10 _c20130109 _lUCH01 _h1321 |
||
| 650 | 1 | 4 |
_aCampesinado _xEspaña. _918011 |
| 650 | 1 | 4 |
_aFeudalismo. _940674 |
| 830 | 0 |
_aHistoria de los movimientos sociales _955619 |
|
| 901 | _aBK | ||
| 942 | _cLIBRO | ||
| 949 |
_a321.3 P3 _bBC _cLIBRO _d33724000310579 _eLIBRO _gI.c/e _h67019 _i42673 _si |
||
| 999 |
_c37581 _d37581 |
||